<The> West German Economy Towards the Year 2000 <An> Analysis of Structural Change

Salvato in:
Dettagli Bibliografici
Autore principale: Donges, Jurgen B.
Altri autori: Klodt, Henning, Schmidt, Klaus-Dieter
Natura: Libro
Lingua:inglese
Pubblicazione: Kiel Institut für Weltwirtschaft 1986
Edizione:1. ed.
Serie:Working Paper No.268
Tags: Aggiungi Tag
Nessun Tag, puoi essere il primo ad aggiungerne!!

MARC

LEADER 00000nam a2200000 4500
001 c028488
005 20221220073323.5
041 0 |a eng 
044 |a DE 
245 1 0 |a <The> West German Economy Towards the Year 2000  |b <An> Analysis of Structural Change  |c Juergen B. Donges, Henning Klodt, Klaus-Dieter Schmidt 
250 |a 1. ed. 
264 1 |a Kiel  |b Institut für Weltwirtschaft  |c 1986 
300 |a 34 s. 
490 1 |a Working Paper  |v No.268 
830 0 |a Working Paper  |v No.268 
100 1 |a Donges, Jurgen B. 
700 1 |a Klodt, Henning 
700 1 |a Schmidt, Klaus-Dieter